[Event "Ludwigshafen-ch 21st"]
[Site "Ludwigshafen"]
[Date "2007.09.08"]
[Round "7"]
[White "Achatz, Michael"]
[Black "Tsen de Araujo, Eduardo"]
[Result "0-1"]
[WhiteElo "1869"]
[BlackElo "1666"]
[PlyCount "76"]
[EventDate "2007.08.25"]
[EventType "swiss"]
[EventRounds "7"]
[EventCountry "GER"]
[SourceTitle "EXT 2008"]
[Source "ChessBase"]
[SourceDate "2007.11.25"]
[SourceVersion "1"]
[SourceVersionDate "2007.11.25"]
[SourceQuality "1"]

1. d4 Nf6 2. Nf3 g6 3. c4 Bg7 4. Nc3 0-0 5. e4 d6 6. Be2 e5 7. d5 a5 8. 0-0 Na6 9. Ne1 Nc5 10. Qc2 Qe7 11. Be3 b6 12. a3 h6 13. Rc1 a4 14. Bxc5 bxc5 15. f3 h5 16. Nxa4 Bh6 17. Rb1 Be3+ 18. Kh1 h4 19. f4 exf4 20. Nc3 h3 21. Bf3 Kg7 22. gxh3 Bxh3 23. Ng2 Bd4 24. Ne2 Be5 25. Rg1 Rh8 26. Ngxf4 Bd7 27. Rg2 Rh6 28. Nd3 Rah8 29. Nef4 Bd4 30. Qe2 Bh3 31. Nxh3 Rxh3 32. Re1 Nd7 33. Qc2 Rxf3 34. b4 cxb4 35. axb4 Qh4 36. Rd1 Qxe4 37. c5 Rxh2+ 38. Rxh2 Rf1# 0-1

[Event "RLP-ch MTB 26th"]
[Site "Ludwigshafen"]
[Date "2007.07.15"]
[Round "5"]
[White "Meusel, Rolf"]
[Black "Tsen de Araujo, Eduardo"]
[Result "1-0"]
[WhiteElo "1976"]
[BlackElo "1656"]
[PlyCount "49"]
[EventDate "2007.07.13"]
[EventType "swiss"]
[EventRounds "7"]
[EventCountry "GER"]
[SourceTitle "EXT 2009"]
[Source "ChessBase"]
[SourceDate "2008.11.26"]
[SourceVersion "1"]
[SourceVersionDate "2008.11.26"]
[SourceQuality "1"]

1. d4 Nf6 2. Nf3 g6 3. g3 Bg7 4. Bg2 0-0 5. 0-0 d6 6. c4 a5 7. Nc3 Na6 8. a3 c5 9. d5 Nc7 10. Qd3 Rb8 11. Bd2 Bd7 12. a4 e6 13. dxe6 Bxe6 14. Rad1 d5 15. Bf4 Bf5 16. Qd2 d4 17. Nb5 Nfe8 18. Qxa5 b6 19. Qd2 Be6 20. b3 Nxb5 21. axb5 Nd6 22. Ne5 Qf6 23. Nc6 Rbd8 24. Bg5 Qf5 25. Ne7+ 1-0

[Event "RLP-ch MTB 26th"]
[Site "Ludwigshafen"]
[Date "2007.07.13"]
[Round "1"]
[White "Dausch, Rene"]
[Black "Tsen de Araujo, Eduardo"]
[Result "1-0"]
[WhiteElo "2356"]
[BlackElo "1656"]
[PlyCount "93"]
[EventDate "2007.07.13"]
[EventType "swiss"]
[EventRounds "7"]
[EventCountry "GER"]
[SourceTitle "EXT 2009"]
[Source "ChessBase"]
[SourceDate "2008.11.26"]
[SourceVersion "1"]
[SourceVersionDate "2008.11.26"]
[SourceQuality "1"]

1. d4 Nf6 2. Nf3 g6 3. Bg5 Bg7 4. Nbd2 d6 5. e4 0-0 6. c3 Nbd7 7. Be2 e5 8. dxe5 dxe5 9. 0-0 Qe8 10. Re1 Nc5 11. Bf1 Bd7 12. Bh4 Bc6 13. Qc2 Rd8 14. b4 Ba4 15. Qb1 Ncd7 16. Nc4 Bb5 17. a4 Bxc4 18. Bxc4 Nb6 19. Bb5 c6 20. Bf1 Rd6 21. c4 Nc8 22. c5 Rd7 23. Qb3 Nh5 24. Rad1 Nf4 25. Bg3 Rxd1 26. Rxd1 Ne6 27. Bc4 Nd4 28. Nxd4 exd4 29. f3 b6 30. e5 a5 31. e6 Kh8 32. exf7 Qe3+ 33. Qxe3 dxe3 34. Be6 axb4 35. Bxc8 Rxc8 36. cxb6 e2 37. Rd2 Rf8 38. b7 e1Q+ 39. Bxe1 Be5 40. Re2 Rxf7 41. b8Q+ Bxb8 42. Re8+ Kg7 43. Rxb8 c5 44. Bf2 Rc7 45. a5 Kf6 46. a6 Ke6 47. Bxc5 1-0